000
00500nam a2200169Ia 4500
008
090711s9999 xx 000 0 und d
082
_b
60279
100
_a
रांगणेकर कुमुदिनी
245
_a
ओली जखम
260
_c
1988
300
_a
180
600
_a
रांगणेकर कुमुदिनी
630
_a
ओली जखम
700
_a
रांगणेकर कुमुदिनी
730
_a
ओली जखम
942
_c
BOOK
999
_c
293319
_d
293319